00183nam a22000977a 4500082001600000100000800016245002300024250001100047260001900058300000800077 a671.5202AWS aAws aWelding hand book  aVol I aAmericanc1976 a373